<?xml version="1.0" encoding="UTF-8"?>
<record
    xmlns:xsi="http://www.w3.org/2001/XMLSchema-instance"
    xsi:schemaLocation="http://www.loc.gov/MARC21/slim http://www.loc.gov/standards/marcxml/schema/MARC21slim.xsd"
    xmlns="http://www.loc.gov/MARC21/slim">

  <leader>00614nam a22001937a 4500</leader>
  <controlfield tag="003">OSt</controlfield>
  <controlfield tag="005">20160614172555.0</controlfield>
  <controlfield tag="008">160614s2016    sp           |||| 0 spa|d</controlfield>
  <datafield tag="020" ind1=" " ind2=" ">
    <subfield code="a">9788437635118</subfield>
  </datafield>
  <datafield tag="040" ind1=" " ind2=" ">
    <subfield code="b">cat</subfield>
    <subfield code="c">CDMR</subfield>
  </datafield>
  <datafield tag="100" ind1="1" ind2=" ">
    <subfield code="a">Calleja, Jos&#xE9; Mar&#xED;a</subfield>
  </datafield>
  <datafield tag="245" ind1="1" ind2="0">
    <subfield code="a">C&#xF3;mo informar sobre la violencia machista </subfield>
    <subfield code="c">Jos&#xE9; Mar&#xED;a Calleja</subfield>
  </datafield>
  <datafield tag="260" ind1=" " ind2=" ">
    <subfield code="a">Madrid :</subfield>
    <subfield code="b">C&#xE1;tedra,</subfield>
    <subfield code="c">2016</subfield>
  </datafield>
  <datafield tag="300" ind1=" " ind2=" ">
    <subfield code="a">163 p. ;</subfield>
    <subfield code="c">21 cm</subfield>
  </datafield>
  <datafield tag="650" ind1="0" ind2="4">
    <subfield code="a">Viol&#xE8;ncia en els mitjans de comunicaci&#xF3; de massa</subfield>
    <subfield code="9">2772</subfield>
  </datafield>
  <datafield tag="650" ind1=" " ind2="0">
    <subfield code="a">Sexisme en els mitjans de comunicaci&#xF3; de massa</subfield>
    <subfield code="9">3769</subfield>
  </datafield>
  <datafield tag="650" ind1=" " ind2="0">
    <subfield code="a">Periodisme--Manuals d'estil</subfield>
    <subfield code="9">3772</subfield>
  </datafield>
  <datafield tag="942" ind1=" " ind2=" ">
    <subfield code="c">MON</subfield>
  </datafield>
  <datafield tag="999" ind1=" " ind2=" ">
    <subfield code="c">6939</subfield>
    <subfield code="d">6939</subfield>
  </datafield>
  <datafield tag="952" ind1=" " ind2=" ">
    <subfield code="0">0</subfield>
    <subfield code="1">0</subfield>
    <subfield code="4">0</subfield>
    <subfield code="7">0</subfield>
    <subfield code="a">CDMR</subfield>
    <subfield code="b">CDMR</subfield>
    <subfield code="d">2016-06-14</subfield>
    <subfield code="e">Intercanvi</subfield>
    <subfield code="g">15.00</subfield>
    <subfield code="l">2</subfield>
    <subfield code="o">Ci 1.1/34</subfield>
    <subfield code="p">CDMR16061261</subfield>
    <subfield code="r">2020-12-03</subfield>
    <subfield code="s">2020-11-06</subfield>
    <subfield code="v">15.00</subfield>
    <subfield code="w">2016-06-14</subfield>
    <subfield code="y">MON</subfield>
  </datafield>
</record>
